Physiological ecology : an evaluationary approach to resource use
Αποθηκεύτηκε σε:
| Άλλοι συγγραφείς: | , |
|---|---|
| Μορφή: | Βιβλίο |
| Γλώσσα: | English |
| Δημοσίευση: |
Oxford :
Blackwell Scientific,
1981
|
| Θέματα: | |
| Ετικέτες: |
Προσθήκη ετικέτας
Δεν υπάρχουν, Καταχωρήστε ετικέτα πρώτοι!
|
MARC
| LEADER | 00000nam a2200000 i 4500 | ||
|---|---|---|---|
| 001 | 1/73502 | ||
| 008 | 970217s1981 eng d | ||
| 020 | |a 0-632-00617-X | ||
| 035 | |l 10003244 | ||
| 040 | |a GR-MY-UA |b gre |e aacr | ||
| 041 | 0 | |a eng | |
| 082 | 0 | |a 574.53 | |
| 245 | 1 | 0 | |a Physiological ecology : |b an evaluationary approach to resource use / |c Edited by Colin R. Townsend and Peter Calow |
| 260 | |a Oxford : |b Blackwell Scientific, |c 1981 | ||
| 300 | |a 393 p. | ||
| 504 | |a Includes bibliographical references and index | ||
| 650 | 0 | 0 | |a Evolution (Biology) |
| 650 | 0 | 0 | |a Bioenergetics. |
| 650 | 0 | 0 | |a Animal nutrition. |
| 650 | 0 | 0 | |a Resource partitioning (Ecology) |
| 650 | 0 | 0 | |a Ecophysiology. |
| 650 | 0 | 0 | |a Animals |x Food. |
| 700 | 1 | |a Townsend, Colin R. |4 edt | |
| 700 | 1 | |a Calow, Peter. |4 edt | |
| 852 | |a INST |b LESVOS |e 19970217 |h 574.53 PHY |p 005100011988 |q 005100011988 |t BK |y 0 | ||
| 909 | |a Λ |b 03005 | ||